| 000 | 00866cam a2200217 i 4500 | ||
|---|---|---|---|
| 999 |
_c7518 _d7518 |
||
| 003 | OSt | ||
| 005 | 20200312065813.0 | ||
| 008 | 130213s2013 enk b 001 0 eng | ||
| 020 | _a9780857858528 | ||
| 040 |
_aDLC _beng _erda _cDLC _dDLC |
||
| 082 | 0 | 0 |
_a720.47 _223 _bSTU |
| 245 | 0 | 4 |
_aThe handbook of design for sustainability / _cedited by Stuart Walker and Jacques Giard. |
| 300 |
_axxvi, 550 pages ; _c25 cm |
||
| 504 | _aIncludes bibliographical references and index. | ||
| 505 | 0 | _aHistorical and Theoretical Perspectives -- Methods and Approaches -- Sustainability In Practice -- Emerging Directions and Sustainable Futures. | |
| 650 | 0 | _aSustainable design. | |
| 700 | 1 |
_aWalker, Stuart, _d1955- _eeditor of compilation. |
|
| 700 | 1 |
_aGiard, Jacques, _eeditor of compilation. |
|
| 700 | 1 | 2 |
_aEhrenfeld, John, _eauthor. _tRoots of unsustainability. |
| 942 | _2ddc | ||